[Event "AZE-ch Men 2019"]
[Site "Baku"]
[Date "2019.01.22"]
[Round "7"]
[White "Shahaliyev, Ismayil"]
[Black "Davidov, Samir"]
[Result "1-0"]
[WhiteElo "2389"]
[BlackElo "2344"]
[Annotator "NA"]
[PlyCount "147"]
[EventDate "2019.01.16"]
[EventType "swiss"]
[EventCountry "AZE"]
[SourceTitle "playchess.com"]
[Source "ChessBase"]
[SourceQuality "1"]
[TimeControl "40/5400+30:1800+30"]

1. e4 {[%emt 0:04:38]} d6 {[%emt 0:08:13]} 2. d4 {[%emt 0:00:07]} Nf6 {[%emt 0:00:06]} 3. Nc3 {[%emt 0:00:09]} Nbd7 {[%emt 0:00:10]} 4. f4 {[%emt 0:00:07]} e5 {[%emt 0:00:14]} 5. Nf3 {[%emt 0:00:04]} c6 {[%emt 0:00:11]} 6. dxe5 {[%emt 0:00:25]} dxe5 {[%emt 0:00:06]} 7. fxe5 {[%emt 0:00:04]} Ng4 {[%emt 0:00:20] B07: Pirc Defence: Miscellaneous Systems} 8. e6 {[%emt 0:00:04]} fxe6 {[%emt 0:00:09]} 9. Ng5 {[%emt 0:00:04]} Nde5 {[%emt 0:03:32]} 10. Qxd8+ {[%emt 0:00:13]} Kxd8 {[%emt 0:00:05]} 11. h3 {[%emt 0:00:05]} Nh6 {[%emt 0:00:06]} 12. Bf4 {[%emt 0:00:03]} Nhf7 {[%emt 0:00:31]} 13. Be2 {[%emt 0:00:07]} (13. O-O-O+ Ke7 14. h4 g6 15. Nxf7 Nxf7 {1-0 (36) Filipenko,A (2286)-Yudin,S (2517) Samara 2017}) 13... Be7 {[%emt 0:01:59]} 14. O-O-O+ {[%emt 0:02:53]} Ke8 {[%emt 0:00:05]} 15. Nxf7 {[%emt 0:00:11]} Nxf7 {[%emt 0:00:05]} 16. e5 $146 {[%emt 0:00:33]} Bd7 {[%emt 0:01:12]} 17. Bh5 {[%emt 0:03:39]} g6 {[%emt 0:01:02]} 18. Be2 {[%emt 0:05:35]} Rd8 {[%emt 0:05:32]} 19. Ne4 {[%emt 0:03:55]} Kf8 {[%emt 0:00:32]} 20. Nd6 {[%emt 0:09:50]} Bxd6 {[%emt 0:05:30]} 21. exd6 {[%emt 0:00:29]} e5 {[%emt 0:11:06]} 22. Be3 {[%emt 0:08:49]} Be6 {[%emt 0:00:05]} 23. Bxa7 {[%emt 0:01:39]} Kg7 {[%emt 0:00:05]} 24. Bc5 {[%emt 0:05:16]} Rd7 {[%emt 0:00:11]} 25. Rd2 {[%emt 0:02:36]} Ra8 {[%emt 0:06:31]} 26. a3 {[%emt 0:03:54]} Ng5 {[%emt 0:06:41]} 27. Bd3 {[%emt 0:02:34]} Ra5 {[%emt 0:05:34]} 28. Bb4 {[%emt 0:01:05]} Rd5 {[%emt 0:11:26]} 29. c4 {[%emt 0:06:53]} Rxd3 {[%emt 0:06:45]} 30. Rxd3 {[%emt 0:00:11]} Bxc4 {[%emt 0:00:16]} 31. Re3 {[%emt 0:00:29]} Nf7 {[%emt 0:00:05]} 32. Bc3 {[%emt 0:01:36]} Kf6 {[%emt 0:00:05]} 33. Rhe1 {[%emt 0:00:39]} Ke6 {[%emt 0:00:06]} 34. Bxe5 {[%emt 0:01:40]} Nxe5 {[%emt 0:00:11]} 35. Rxe5+ {[%emt 0:00:06]} Kxd6 {[%emt 0:00:02]} 36. Rd1+ {[%emt 0:03:04]} Bd5 {[%emt 0:00:14]} 37. Re2 {[%emt 0:00:07]} Rf7 {[%emt 0:00:19]} 38. Kc2 {[%emt 0:01:27]} Kc5 {[%emt 0:00:30]} 39. Rdd2 {[%emt 0:01:48]} b5 {[%emt 0:04:51]} 40. Rf2 {[%emt 0:00:00]} Ra7 {[%emt 0:00:00]} 41. Rde2 {[%emt 0:05:02]} b4 {[%emt 0:00:47]} 42. Re3 {[%emt 0:00:33]} bxa3 {[%emt 0:01:40]} 43. bxa3 {[%emt 0:00:54]} Kd4 {[%emt 0:01:51]} 44. Rd3+ {[%emt 0:00:36]} Ke5 {[%emt 0:00:37]} 45. Re3+ {[%emt 0:03:54]} Kd4 {[%emt 0:00:16]} 46. Rd3+ {[%emt 0:00:02]} Ke5 {[%emt 0:00:06]} 47. Re2+ {[%emt 0:00:07]} Kd6 {[%emt 0:00:05]} 48. Rg3 {[%emt 0:00:09]} Kc5 {[%emt 0:00:15]} 49. Rf2 {[%emt 0:01:05]} Kd6 {[%emt 0:03:54]} 50. Rf4 {[%emt 0:01:15]} Re7 {[%emt 0:00:29]} 51. Kd2 {[%emt 0:00:29]} Rb7 {[%emt 0:01:06]} 52. Rb4 {[%emt 0:07:15]} Re7 {[%emt 0:02:27]} 53. Rgg4 {[%emt 0:02:06]} Kc5 {[%emt 0:01:37]} 54. Rb2 $18 {[%emt 0:04:03]} Kd6 {[%emt 0:04:27]} 55. h4 {[%emt 0:04:31]} Ra7 {[%emt 0:02:06]} 56. a4 {[%emt 0:00:40]} Kc5 {[%emt 0:06:37]} 57. Rc2+ {[%emt 0:01:56]} Kb6 {[%emt 0:00:18]} 58. g3 {[%emt 0:01:01]} c5 {[%emt 0:04:51]} 59. Rb2+ {[%emt 0:03:59]} Kc6 {[%emt 0:00:08]} 60. Rf4 {[%emt 0:00:09]} Be6 {[%emt 0:07:34]} 61. Kc3 {[%emt 0:02:10]} Bf5 {[%emt 0:03:05]} 62. g4 {[%emt 0:03:27]} Bc8 {[%emt 0:01:07]} 63. Rb8 {[%emt 0:07:12]} Be6 {[%emt 0:03:43]} 64. Re8 {[%emt 0:02:19]} Kd5 {[%emt 0:00:47]} 65. g5 {[%emt 0:00:37]} Bh3 {[%emt 0:01:55]} 66. Re3 {[%emt 0:01:35]} Bc8 {[%emt 0:00:27]} 67. Re1 {[%emt 0:02:47]} Be6 {[%emt 0:01:19]} 68. Ra1 {[%emt 0:01:24]} Bf5 {[%emt 0:02:11]} 69. a5 {[%emt 0:01:45]} Ra6 {[%emt 0:00:11]} 70. Rf2 {[%emt 0:00:36]} c4 {[%emt 0:04:24]} 71. Rf4 {[%emt 0:00:58]} Ke5 {[%emt 0:03:37]} 72. Rxc4 {[%emt 0:00:20]} Be6 {[%emt 0:00:17]} 73. Rb4 {[%emt 0:02:37]} Rc6+ {[%emt 0:00:18]} 74. Kb2 {[%emt 0:00:34]} 1-0

[Event "AZE-ch Men 2019"]
[Site "Baku"]
[Date "2019.01.22"]
[Round "7"]
[White "Zeynalov, Farid"]
[Black "Guliev, Logman"]
[Result "1/2-1/2"]
[WhiteElo "2344"]
[BlackElo "2322"]
[Annotator "NA"]
[PlyCount "173"]
[EventDate "2019.01.16"]
[EventType "swiss"]
[EventCountry "AZE"]
[SourceTitle "playchess.com"]
[Source "ChessBase"]
[SourceQuality "1"]
[TimeControl "40/5400+30:1800+30"]

1. d4 Nf6 {[%emt 0:03:47]} 2. c4 {[%emt 0:00:00]} e6 {[%emt 0:00:09]} 3. Nf3 {[%emt 0:00:16]} Bb4+ {[%emt 0:01:07]} 4. Bd2 {[%emt 0:02:38]} Qe7 {[%emt 0:00:14]} 5. g3 {[%emt 0:01:37]} b6 {[%emt 0:00:50]} 6. Bg2 {[%emt 0:00:44]} Bb7 {[%emt 0:00:14]} 7. O-O {[%emt 0:00:08]} Bxd2 {[%emt 0:00:04]} 8. Qxd2 {[%emt 0:00:31]} O-O {[%emt 0:00:28]} 9. Nc3 {[%emt 0:00:19]} Ne4 {[%emt 0:01:35]} 10. Nxe4 {[%emt 0:05:32]} Bxe4 {[%emt 0:01:02]} 11. Qf4 {[%emt 0:00:20] E16: Queen's Indian: 4 g3 Bb7 5 Bg2 Bb4+} Bxf3 {[%emt 0:04:06]} 12. Bxf3 {[%emt 0:00:15]} c6 {[%emt 0:00:05]} 13. a3 {[%emt 0:06:35]} Na6 $146 {[%emt 0:10:36]} ({Predecessor:} 13... a5 14. Qc7 Qd8 15. Qd6 Na6 16. Rfd1 Nc7 17. Rac1 Ne8 18. Qf4 Rc8 {1-0 (66) Bermejo Collado,J (2313)-Gonzalez Rodriguez,J (2431) Alcala de Henares 2006}) 14. d5 {[%emt 0:05:32]} e5 {[%emt 0:15:22]} 15. Qe3 {[%emt 0:01:25]} Qf6 {[%emt 0:01:34]} 16. b4 {[%emt 0:02:15]} Rad8 {[%emt 0:02:16]} 17. Qb3 {[%emt 0:14:30]} Nc7 {[%emt 0:12:52]} 18. Qa4 {[%emt 0:02:43]} cxd5 {[%emt 0:04:41]} 19. cxd5 {[%emt 0:04:00]} Qd6 {[%emt 0:01:23]} 20. Rac1 {[%emt 0:04:36]} a6 {[%emt 0:02:32]} 21. e3 {[%emt 0:03:03]} f5 $14 {[%emt 0:00:28]} 22. Qc2 {[%emt 0:05:54]} Ne8 {[%emt 0:03:47]} 23. Qc4 {[%emt 0:16:38]} e4 {[%emt 0:05:20]} 24. Be2 {[%emt 0:01:09]} b5 {[%emt 0:04:51]} 25. Qd4 {[%emt 0:02:47]} Nf6 {[%emt 0:02:32]} 26. Rfd1 {[%emt 0:03:18]} h5 {[%emt 0:00:53]} 27. h4 {[%emt 0:04:16]} Ng4 {[%emt 0:02:48]} 28. Bxg4 {[%emt 0:03:26]} hxg4 {[%emt 0:01:23]} 29. Qc5 {[%emt 0:00:11]} Rf6 {[%emt 0:03:12]} 30. Rc3 {[%emt 0:01:44]} Qe5 {[%emt 0:03:05]} 31. d6 {[%emt 0:02:35]} Qxc5 {[%emt 0:04:03]} 32. Rxc5 {[%emt 0:00:07]} Rb8 {[%emt 0:00:34]} 33. Rc7 {[%emt 0:01:06]} Rf7 {[%emt 0:00:03]} 34. Rd5 {[%emt 0:01:31]} Rb6 {[%emt 0:00:41]} 35. Kf1 {[%emt 0:02:30]} g6 {[%emt 0:00:23]} 36. Ke2 {[%emt 0:00:17]} Kg7 {[%emt 0:00:14]} 37. Kd2 {[%emt 0:00:36]} Kf6 {[%emt 0:01:39]} 38. Rc8 {[%emt 0:01:56]} Ke6 {[%emt 0:00:17]} 39. Rd4 {[%emt 0:00:03]} Rc6 {[%emt 0:07:05]} 40. Rg8 {[%emt 0:00:00]} Kf6 {[%emt 0:00:00]} 41. Re8 {[%emt 0:03:57]} Rg7 {[%emt 0:04:36]} 42. Rd5 {[%emt 0:01:54]} Kf7 {[%emt 0:03:53]} 43. Ree5 {[%emt 0:01:50]} Kf6 {[%emt 0:05:14]} 44. h5 {[%emt 0:03:37]} Rf7 {[%emt 0:00:11]} 45. hxg6 {[%emt 0:02:54]} Kxg6 {[%emt 0:00:03]} 46. Re7 {[%emt 0:00:16]} Kf6 {[%emt 0:10:05]} 47. Rxf5+ {[%emt 0:01:50]} Kxf5 {[%emt 0:00:01]} 48. Rxf7+ {[%emt 0:00:06]} Ke6 {[%emt 0:00:57]} 49. Re7+ {[%emt 0:10:54]} Kd5 {[%emt 0:00:04]} 50. Rg7 {[%emt 0:00:28]} Rxd6 {[%emt 0:00:37]} 51. Rxg4 {[%emt 0:00:28]} Ke5+ {[%emt 0:00:08]} 52. Ke2 {[%emt 0:01:04]} Rc6 {[%emt 0:00:50]} 53. Rg5+ {[%emt 0:03:51]} Kf6 {[%emt 0:00:02]} 54. Rd5 {[%emt 0:00:08]} Ke6 {[%emt 0:00:03]} 55. Rd2 {[%emt 0:02:27]} Rc3 {[%emt 0:00:40]} 56. Ra2 {[%emt 0:00:02]} d5 {[%emt 0:02:27]} 57. Kf1 {[%emt 0:02:37]} Ke5 {[%emt 0:00:13]} 58. Kg2 {[%emt 0:00:02]} d4 {[%emt 0:00:32]} 59. exd4+ {[%emt 0:00:04]} Kxd4 {[%emt 0:00:02]} 60. Kh3 {[%emt 0:00:36]} Kc4 {[%emt 0:02:31]} 61. Re2 {[%emt 0:02:33]} Kd4 {[%emt 0:00:14]} 62. Ra2 {[%emt 0:00:11]} Kc4 {[%emt 0:00:34]} 63. Kg4 {[%emt 0:01:26]} Kb3 {[%emt 0:01:01]} 64. Re2 {[%emt 0:00:04]} Kxa3 {[%emt 0:00:09]} 65. Rxe4 {[%emt 0:00:07]} Rc4 {[%emt 0:00:09]} 66. Kf5 Kxb4 {[%emt 0:00:55]} 67. g4 {[%emt 0:01:18]} Rxe4 {[%emt 0:06:10]} 68. Kxe4 {[%emt 0:00:05]} Kc3 {[%emt 0:00:57]} 69. g5 {[%emt 0:00:41]} b4 {[%emt 0:00:03]} 70. g6 {[%emt 0:00:04]} b3 {[%emt 0:00:04]} 71. g7 {[%emt 0:00:03]} b2 {[%emt 0:00:04]} 72. g8=Q {[%emt 0:00:09]} b1=Q+ {[%emt 0:00:05]} 73. Kf3 {[%emt 0:01:35]} Qf5+ {[%emt 0:00:17]} 74. Kg2 {[%emt 0:00:14]} a5 {[%emt 0:00:09]} 75. Qg7+ {[%emt 0:00:51]} Kc4 {[%emt 0:00:48]} 76. Qc7+ {[%emt 0:01:17]} Kd4 {[%emt 0:00:31]} 77. Qb6+ {[%emt 0:00:26]} Qc5 {[%emt 0:00:22]} 78. Qb2+ {[%emt 0:00:12]} Kd5 {[%emt 0:00:20]} 79. Qa2+ {[%emt 0:01:14]} Kd6 {[%emt 0:00:11]} 80. f3 {[%emt 0:00:28]} Qc3 {[%emt 0:01:12]} 81. Kf2 {[%emt 0:00:45]} Qd4+ {[%emt 0:00:25]} 82. Ke2 {[%emt 0:00:18]} Qe5+ {[%emt 0:01:34]} 83. Kd1 {[%emt 0:00:26]} Qh5 {[%emt 0:00:36]} 84. Qa3+ {[%emt 0:00:09]} Kc6 {[%emt 0:00:27]} 85. Qc3+ {[%emt 0:00:10]} Kb6 {[%emt 0:00:14]} 86. Qb3+ {[%emt 0:00:05]} Ka7 {[%emt 0:00:11]} 87. Qe3+ {[%emt 0:00:09]} 1/2-1/2

[Event "AZE-ch Men 2019"]
[Site "Baku"]
[Date "2019.01.22"]
[Round "7"]
[White "Babazada, Khazar"]
[Black "Jafarli, Babak"]
[Result "0-1"]
[WhiteElo "2299"]
[BlackElo "2128"]
[Annotator "NA"]
[PlyCount "111"]
[EventDate "2019.01.16"]
[EventType "swiss"]
[EventCountry "AZE"]
[SourceTitle "playchess.com"]
[Source "ChessBase"]
[SourceQuality "1"]
[TimeControl "40/5400+30:1800+30"]

1. e4 {[%emt 0:00:00]} e5 {[%emt 0:22:50]} 2. Nf3 {[%emt 0:00:00]} Nc6 {[%emt 0:00:08]} 3. Bb5 {[%emt 0:00:00]} Nge7 {[%emt 0:00:05]} 4. O-O {[%emt 0:00:14]} Ng6 {[%emt 0:00:01]} 5. c3 {[%emt 0:01:28] C60: Ruy Lopez: Unusual Black 3rd moves and 3...g6} Be7 {[%emt 0:00:07]} (5... a6 6. Ba4 d6 7. d4 Bd7 8. d5 Nb8 9. c4 Be7 10. Nc3 h6 11. g3 O-O 12. Bxd7 Qxd7 13. Kg2 f5 14. exf5 Qxf5 15. Nd2 Bg5 16. Nde4 Bxc1 17. Rxc1 Nd7 {½-½ (66) Leko,P (2735)-Ivanchuk,V (2741) Astrakhan 2010 CBM 137 [Marin,M]}) 6. d4 {[%emt 0:00:13]} d6 {[%emt 0:05:57]} 7. d5 {[%emt 0:07:59]} a6 {[%emt 0:00:49]} 8. Ba4 {[%emt 0:00:11]} b5 {[%emt 0:00:03]} 9. Bc2 {[%emt 0:00:03]} Nb8 {[%emt 0:00:03]} 10. a4 {[%emt 0:00:03]} bxa4 {[%emt 0:00:29]} 11. Bxa4+ {[%emt 0:00:18]} Nd7 {[%emt 0:00:08]} 12. Bc6 $146 {[%emt 0:00:42]} ({Predecessor:} 12. Be3 O-O 13. b4 {0-1 (34) Toth,P-Suer,N Nice 1974}) 12... Rb8 {[%emt 0:00:01]} 13. b4 {[%emt 0:00:05]} O-O {[%emt 0:00:07]} 14. Be3 {[%emt 0:01:08]} Nb6 {[%emt 0:00:21]} 15. Nfd2 {[%emt 0:04:04]} Bg5 {[%emt 0:01:25]} 16. Na3 {[%emt 0:01:48]} f5 {[%emt 0:04:28]} 17. exf5 {[%emt 0:02:31]} Bxf5 {[%emt 0:02:25]} 18. Ndc4 {[%emt 0:00:20]} Bxe3 {[%emt 0:01:38]} 19. fxe3 {[%emt 0:07:48]} Nxc4 {[%emt 0:01:54]} 20. Nxc4 {[%emt 0:00:26]} Qg5 {[%emt 0:00:06]} 21. Qe2 {[%emt 0:04:01]} Nh4 {[%emt 0:00:43]} 22. e4 {[%emt 0:00:10]} Nxg2 $2 {[%emt 0:06:53]} (22... Bh3 $1 $19 {[%cal Rh3g2]} 23. Ne3 Rf4) 23. Rxf5 {[%emt 0:02:01]} Rxf5 {[%emt 0:00:09]} 24. Qxg2 {[%emt 0:00:08]} Qxg2+ {[%emt 0:00:07]} 25. Kxg2 {[%emt 0:00:04]} Rf4 {[%emt 0:00:03]} 26. Rxa6 {[%emt 0:01:19]} Rxe4 {[%emt 0:00:22]} 27. Na3 {[%emt 0:01:52]} Re2+ {[%emt 0:00:54]} 28. Kf3 {[%emt 0:00:09]} Ra2 {[%emt 0:00:01]} 29. Ra5 {[%emt 0:00:25]} Rf8+ {[%emt 0:00:21]} 30. Ke3 {[%emt 0:00:32]} Rxh2 {[%emt 0:00:03]} 31. Kd3 {[%emt 0:01:09]} g5 {[%emt 0:00:22]} 32. Bd7 {[%emt 0:02:11]} h5 {[%emt 0:00:26]} 33. Nb5 {[%emt 0:01:15]} Rf3+ {[%emt 0:01:52]} 34. Kc4 {[%emt 0:00:11]} g4 {[%emt 0:00:24]} 35. Nxc7 {[%emt 0:02:05]} Rf4+ {[%emt 0:03:02]} 36. Kb3 {[%emt 0:00:23]} g3 {[%emt 0:00:34]} 37. Ne6 {[%emt 0:01:27]} g2 {[%emt 0:00:41]} 38. Ra8+ {[%emt 0:00:16]} Kh7 {[%emt 0:00:31]} 39. Ng5+ {[%emt 0:04:09]} Kg7 {[%emt 0:02:54]} 40. Ne6+ {[%emt 0:00:00]} Kf7 {[%emt 0:00:00]} 41. Be8+ {[%emt 0:03:47]} Kf6 {[%emt 0:06:04]} 42. Ra7 {[%emt 0:00:10]} e4 {[%emt 0:00:30]} 43. Rf7+ {[%emt 0:02:49]} Ke5 {[%emt 0:01:23]} 44. Nxf4 {[%emt 0:00:07]} g1=Q {[%emt 0:00:10]} 45. Ng6+ {[%emt 0:00:04]} Kxd5 {[%emt 0:00:11]} 46. Nf4+ {[%emt 0:00:19]} Ke5 {[%emt 0:00:08]} 47. Ng6+ {[%emt 0:00:03]} Qxg6 {[%emt 0:00:09]} 48. Re7+ {[%emt 0:00:03]} Kf6 {[%emt 0:00:05]} 49. Bxg6 {[%emt 0:00:07]} Kxe7 {[%emt 0:00:04]} 50. Bxe4 {[%emt 0:00:03]} h4 {[%emt 0:00:16]} 51. Kc4 {[%emt 0:01:24]} Rd2 {[%emt 0:00:17]} 52. Bf5 {[%emt 0:00:08]} Kd8 {[%emt 0:00:33]} 53. Be6 {[%emt 0:01:09]} Kc7 {[%emt 0:00:07]} 54. Kb5 {[%emt 0:00:05]} Rd3 {[%emt 0:00:04]} 55. Kc4 {[%emt 0:00:09]} Rg3 {[%emt 0:00:17]} 56. Kd4 0-1

[Event "AZE-ch Men 2019"]
[Site "Baku"]
[Date "2019.01.22"]
[Round "7"]
[White "Isgandarov, Shahriyar"]
[Black "Ilyasli, Ughur"]
[Result "0-1"]
[WhiteElo "2113"]
[BlackElo "2148"]
[Annotator "NA"]
[PlyCount "98"]
[EventDate "2019.01.16"]
[EventType "swiss"]
[EventCountry "AZE"]
[SourceTitle "playchess.com"]
[Source "ChessBase"]
[SourceQuality "1"]
[TimeControl "40/5400+30:1800+30"]

1. e4 {[%emt 0:00:00]} Nf6 {[%emt 0:00:32]} 2. Nc3 {[%emt 0:03:08]} d5 {[%emt 0:00:05]} 3. exd5 {[%emt 0:00:59]} Nxd5 {[%emt 0:00:06]} 4. Nf3 {[%emt 0:00:11]} g6 {[%emt 0:05:17]} 5. Bc4 {[%emt 0:05:36]} Nb6 {[%emt 0:01:46]} 6. Be2 {[%emt 0:03:31]} Bg7 {[%emt 0:00:09]} 7. O-O {[%emt 0:00:36]} Nc6 {[%emt 0:00:09]} 8. a4 {[%emt 0:08:30]} a5 {[%emt 0:02:22]} 9. Nb5 {[%emt 0:01:58]} e5 {[%emt 0:10:25]} 10. c3 {[%emt 0:11:04]} O-O {[%emt 0:03:11]} 11. d4 {[%emt 0:03:04]} exd4 {[%emt 0:13:03]} 12. Nfxd4 {[%emt 0:01:58]} Nxd4 {[%emt 0:01:06]} 13. Nxd4 {[%emt 0:00:20]} c6 {[%emt 0:14:30]} 14. Bf3 {[%emt 0:04:58]} Bxd4 {[%emt 0:00:32]} 15. cxd4 {[%emt 0:01:57]} Be6 {[%emt 0:00:46]} 16. Bf4 {[%emt 0:07:48]} Bd5 {[%emt 0:05:37]} 17. Bg4 {[%emt 0:07:50]} Re8 {[%emt 0:05:54]} 18. Re1 {[%emt 0:08:55]} Rxe1+ {[%emt 0:08:25]} 19. Qxe1 {[%emt 0:00:07]} Qh4 {[%emt 0:00:06]} 20. h3 {[%emt 0:04:32]} h5 {[%emt 0:00:25]} 21. g3 {[%emt 0:04:09]} Qf6 {[%emt 0:00:43]} 22. Bd1 {[%emt 0:08:03]} Qxd4 {[%emt 0:05:14]} 23. Qe5 {[%emt 0:05:11]} Qxe5 {[%emt 0:03:06]} 24. Bxe5 {[%emt 0:00:02]} Nc4 {[%emt 0:04:03]} 25. Bc3 {[%emt 0:00:26]} Nd6 {[%emt 0:00:34]} 26. Bc2 {[%emt 0:01:58]} Ne4 {[%emt 0:02:58]} 27. Bxe4 {[%emt 0:02:11]} Bxe4 {[%emt 0:00:02]} 28. Re1 {[%emt 0:01:34]} Bd5 {[%emt 0:01:18]} 29. Re7 {[%emt 0:00:53]} b5 {[%emt 0:02:18]} 30. axb5 {[%emt 0:02:00]} cxb5 {[%emt 0:00:01]} 31. g4 {[%emt 0:00:42]} b4 {[%emt 0:00:51]} 32. Bf6 {[%emt 0:00:25]} Be6 {[%emt 0:01:11]} 33. f3 {[%emt 0:01:09]} a4 {[%emt 0:00:38]} 34. Rb7 {[%emt 0:00:35]} a3 {[%emt 0:00:10]} 35. bxa3 {[%emt 0:00:28]} bxa3 {[%emt 0:00:01]} 36. gxh5 {[%emt 0:00:36]} a2 {[%emt 0:00:21]} 37. Ba1 {[%emt 0:00:19]} Rc8 {[%emt 0:01:05]} 38. Kh2 {[%emt 0:00:29]} gxh5 {[%emt 0:00:23]} 39. Rb2 {[%emt 0:00:39]} Rc1 {[%emt 0:00:20]} 40. Rg2+ {[%emt 0:00:00]} Kh7 {[%emt 0:00:00]} 41. Rg1 {[%emt 0:01:30]} Rxg1 {[%emt 0:00:32]} 42. Kxg1 {[%emt 0:00:06]} Bxh3 {[%emt 0:00:03]} 43. Kh2 {[%emt 0:01:14]} Be6 {[%emt 0:00:06]} 44. Kg3 {[%emt 0:00:59]} Kg6 {[%emt 0:00:13]} 45. Kf4 {[%emt 0:00:44]} h4 {[%emt 0:00:05]} 46. Bb2 {[%emt 0:00:23]} h3 {[%emt 0:00:04]} 47. Kg3 {[%emt 0:00:59]} Kh7 {[%emt 0:00:04]} 48. Bc3 {[%emt 0:02:04]} Kg8 {[%emt 0:00:04]} 49. Kf2 {[%emt 0:00:28]} Kf8 {[%emt 0:00:03]} 0-1

[Event "AZE-ch Men 2019"]
[Site "Baku"]
[Date "2019.01.22"]
[Round "7"]
[White "Ahadzade, Kanan"]
[Black "Abbasov, Amil"]
[Result "1/2-1/2"]
[WhiteElo "2019"]
[BlackElo "2190"]
[Annotator "NA"]
[PlyCount "83"]
[EventDate "2019.01.16"]
[EventType "swiss"]
[EventCountry "AZE"]
[SourceTitle "playchess.com"]
[Source "ChessBase"]
[SourceQuality "1"]
[TimeControl "40/5400+30:1800+30"]

1. c4 {[%emt 0:00:14]} e5 {[%emt 0:01:38]} 2. Nc3 {[%emt 0:00:41]} Nc6 {[%emt 0:00:15]} 3. g3 {[%emt 0:00:06]} g6 {[%emt 0:00:13]} 4. Bg2 {[%emt 0:00:04]} Bg7 {[%emt 0:00:06]} 5. d3 {[%emt 0:00:22]} Nge7 {[%emt 0:00:13]} 6. e3 {[%emt 0:01:10]} d6 {[%emt 0:00:24]} 7. Nge2 {[%emt 0:00:33]} Be6 {[%emt 0:00:18]} 8. Nd5 {[%emt 0:00:26]} Qd7 {[%emt 0:10:38]} 9. Nec3 {[%emt 0:16:09]} O-O {[%emt 0:07:15]} 10. O-O {[%emt 0:00:25]} Rab8 {[%emt 0:14:06]} 11. Qa4 {[%emt 0:07:39]} a6 {[%emt 0:05:52]} 12. Rb1 {[%emt 0:09:58]} Bf5 {[%emt 0:15:55]} 13. e4 {[%emt 0:03:12]} Be6 {[%emt 0:02:02]} 14. Be3 {[%emt 0:02:05]} f5 {[%emt 0:03:52]} 15. Bg5 {[%emt 0:04:34]} Nc8 {[%emt 0:05:55]} 16. exf5 {[%emt 0:07:59]} Bxf5 {[%emt 0:04:06]} 17. Ne4 {[%emt 0:01:13]} Qf7 {[%emt 0:00:12]} 18. Be3 $11 {[%emt 0:04:10]} Qd7 {[%emt 0:08:12]} 19. Bg5 {[%emt 0:01:37]} Qf7 {[%emt 0:00:14]} 20. Be3 {[%emt 0:00:20]} Qd7 {[%emt 0:00:14]} 21. b4 {[%emt 0:07:43]} N8e7 {[%emt 0:04:41]} 22. Nxe7+ {[%emt 0:02:20]} Nxe7 {[%emt 0:02:19]} 23. Qxd7 {[%emt 0:02:38]} Bxd7 {[%emt 0:00:06]} 24. Nc3 {[%emt 0:01:39]} Nf5 {[%emt 0:05:17]} 25. Bd2 {[%emt 0:05:50]} Nd4 {[%emt 0:00:29]} 26. Be3 {[%emt 0:00:16]} Nf5 {[%emt 0:00:12]} 27. Bd2 {[%emt 0:00:05]} Bh6 {[%emt 0:02:32]} 28. Bxh6 {[%emt 0:00:21]} Nxh6 {[%emt 0:00:05]} 29. Nd5 {[%emt 0:00:12]} c6 {[%emt 0:00:18]} 30. Nc3 {[%emt 0:00:23]} Bf5 {[%emt 0:00:31]} 31. Ne4 {[%emt 0:00:19]} Rfd8 {[%emt 0:00:40]} 32. Rfd1 {[%emt 0:00:16]} Kg7 {[%emt 0:01:00]} 33. Rbc1 {[%emt 0:00:24]} Ng8 {[%emt 0:00:46]} 34. d4 {[%emt 0:00:53]} Nf6 {[%emt 0:01:12]} 35. Nxf6 {[%emt 0:00:17]} Kxf6 {[%emt 0:00:06]} 36. d5 {[%emt 0:00:25]} cxd5 {[%emt 0:00:13]} 37. Bxd5 {[%emt 0:00:11]} Be6 {[%emt 0:00:05]} 38. Bf3 {[%emt 0:01:42]} b5 {[%emt 0:00:15]} 39. cxb5 {[%emt 0:00:09]} axb5 {[%emt 0:01:34]} 40. Rc6 {[%emt 0:00:00]} Ke7 {[%emt 0:00:00]} 41. Rc7+ {[%emt 0:00:57]} Rd7 {[%emt 0:00:16]} 42. Rdc1 {[%emt 0:00:39]} 1/2-1/2

[Event "AZE-ch Men 2019"]
[Site "Baku"]
[Date "2019.01.22"]
[Round "7"]
[White "Allahverdiyeva, Ayan"]
[Black "Abdulov, Orkhan"]
[Result "1/2-1/2"]
[WhiteElo "1975"]
[BlackElo "2395"]
[Annotator "NA"]
[PlyCount "95"]
[EventDate "2019.01.16"]
[EventType "swiss"]
[EventCountry "AZE"]
[SourceTitle "playchess.com"]
[Source "ChessBase"]
[SourceQuality "1"]
[TimeControl "40/5400+30:1800+30"]

1. e4 {[%emt 0:02:36]} e5 {[%emt 0:02:57]} 2. Nf3 {[%emt 0:01:32]} Nc6 {[%emt 0:01:50]} 3. Bb5 {[%emt 0:02:08]} a6 {[%emt 0:00:57]} 4. Ba4 {[%emt 0:00:27]} Nf6 {[%emt 0:00:46]} 5. O-O {[%emt 0:00:40]} Be7 {[%emt 0:00:17]} 6. d3 {[%emt 0:02:50]} d6 {[%emt 0:01:29]} 7. c3 {[%emt 0:00:38]} O-O {[%emt 0:01:48]} 8. Re1 {[%emt 0:00:38]} b5 {[%emt 0:03:49]} 9. Bc2 {[%emt 0:01:30]} Bb7 {[%emt 0:00:51] C84: Closed Ruy Lopez: Unusual White 6th moves} (9... d5 10. Nbd2 d4 11. Nb3 dxc3 12. bxc3 a5 13. a4 b4 14. Bd2 Bg4 15. h3 Bxf3 16. Qxf3 bxc3 17. Bxc3 Bb4 18. Bxb4 Nxb4 {½-½ (30) Anand,V (2776)-Svidler,P (2760) Moscow 2018}) 10. Nbd2 {[%emt 0:04:59]} d5 {[%emt 0:02:38]} 11. exd5 {[%emt 0:01:24]} Qxd5 {[%emt 0:00:31]} 12. Nf1 {[%emt 0:01:26]} Rfe8 {[%emt 0:03:48]} 13. Bb3 $146 {[%emt 0:14:28]} ({Predecessor:} 13. Bg5 h6 14. Bxf6 Bxf6 15. Ng3 Qd7 16. Qe2 Rad8 17. Ne4 {½-½ (43) Ilyin,P (2302)-Kolpakov,N (2204) ICCF email 2014}) 13... Qd7 {[%emt 0:03:01]} 14. Nxe5 {[%emt 0:13:12]} Nxe5 {[%emt 0:02:13]} 15. Rxe5 {[%emt 0:00:13]} Ng4 {[%emt 0:16:06]} 16. Rh5 {[%emt 0:09:28]} g6 {[%emt 0:19:04]} 17. Rh3 {[%emt 0:03:02]} Rad8 {[%emt 0:04:48]} 18. Rg3 {[%emt 0:09:43]} Ne5 {[%emt 0:06:41]} 19. d4 {[%emt 0:03:16]} c5 {[%emt 0:05:38]} 20. Be3 {[%emt 0:08:12]} Qc6 {[%emt 0:06:19]} 21. Qh5 {[%emt 0:05:01]} Nc4 {[%emt 0:02:31]} 22. Bxc4 {[%emt 0:00:10]} bxc4 {[%emt 0:00:02]} 23. dxc5 {[%emt 0:00:05]} Rd3 {[%emt 0:06:17]} 24. Qg4 {[%emt 0:01:35]} Qd5 {[%emt 0:00:35]} 25. Bd4 {[%emt 0:03:42]} h5 {[%emt 0:01:25]} 26. Qf4 {[%emt 0:01:03]} Bxc5 {[%emt 0:02:11]} 27. Bxc5 {[%emt 0:03:56]} Qxc5 {[%emt 0:00:22]} 28. Ne3 {[%emt 0:00:05]} Be4 {[%emt 0:02:12]} 29. Rg5 {[%emt 0:01:33]} Qc8 {[%emt 0:00:52]} 30. Re5 {[%emt 0:00:52]} Rxe5 {[%emt 0:00:23]} 31. Qxe5 {[%emt 0:00:03]} Bb7 {[%emt 0:00:37]} 32. Qf4 {[%emt 0:00:53]} Qd7 {[%emt 0:00:54]} 33. Qxc4 {[%emt 0:00:42]} Rd2 {[%emt 0:00:21]} 34. b3 {[%emt 0:00:59]} Qd6 {[%emt 0:00:32]} 35. Qf1 {[%emt 0:00:53]} Qf6 {[%emt 0:00:33]} 36. Qe1 {[%emt 0:02:29]} Qxc3 {[%emt 0:01:41]} 37. Nc4 {[%emt 0:00:10]} Rc2 {[%emt 0:00:09]} 38. Qxc3 {[%emt 0:01:25]} Rxc3 {[%emt 0:00:02]} 39. Rd1 {[%emt 0:00:11]} Rc2 {[%emt 0:00:28]} 40. a4 {[%emt 0:00:00]} Kf8 {[%emt 0:00:00]} 41. f3 {[%emt 0:07:19]} Ke7 {[%emt 0:01:44]} 42. Ne5 {[%emt 0:02:50]} Bc8 {[%emt 0:01:56]} 43. b4 {[%emt 0:01:07]} Rb2 {[%emt 0:01:42]} 44. Rd4 {[%emt 0:02:56]} Rb1+ $1 {[%emt 0:00:56]} 45. Kf2 {[%emt 0:00:18]} Rb2+ {[%emt 0:00:01]} 46. Kg1 {[%emt 0:01:26]} (46. Kg3 $16) 46... Rb1+ {[%emt 0:00:01]} 47. Kf2 {[%emt 0:00:06]} Rb2+ {[%emt 0:00:02]} 48. Kg1 $11 {[%emt 0:00:40]} 1/2-1/2